Wspólnorynkowe instrumenty handlu artykulami rolnymi z krajami trzecimi.

Vyrovnávacie platby a clá. Vývozné subvencie. Rastlinné produkty - obilniny, ryža, olejnaté produkty, víno, ovocie a čerstvá zelenina, výrobky z ovocia a zeleniny, surový tabak. Živočíšne produkty - mlieko a mliečne produkty, hovädzie mäso, jahňacie a kozie mäso, bravčové mäso, vajcia a hydina.

Na minha lista:
Detalhes bibliográficos
Autor principal: Buchowiecki, M.
Formato: Capítulo de Livro
Idioma:polonês
Assuntos:
Tags: Adicionar Tag
Sem tags, seja o primeiro a adicionar uma tag!

MARC

LEADER 00000naa a2200000 4500
001 r006646
005 20221125123228.9
041 0 |a pol 
044 |a PL 
245 1 0 |a Wspólnorynkowe instrumenty handlu artykulami rolnymi z krajami trzecimi.  |c M. Buchowiecki 
520 |a Vyrovnávacie platby a clá. Vývozné subvencie. Rastlinné produkty - obilniny, ryža, olejnaté produkty, víno, ovocie a čerstvá zelenina, výrobky z ovocia a zeleniny, surový tabak. Živočíšne produkty - mlieko a mliečne produkty, hovädzie mäso, jahňacie a kozie mäso, bravčové mäso, vajcia a hydina. 
610 2 0 |a ochrana colná 
610 2 0 |a výrobky poľnohospodárske 
610 2 0 |a subvencie 
610 2 0 |a vývoz 
610 2 0 |a štruktúra vývozu 
100 1 |a Buchowiecki, M.